00601nam a22001817a 450000500170000001000150001702000260003202000230005803500140008103700130009508200120010810000210012024501250014126000360026627000590030230000200036150000380038120170628124048.0 aENG-119008 a9788186098769c150.00 a8186098763c150.00 aEN-102540 bDBAD/PUB a338.954 aKaushal, Pranjal aPublic expenditure & economic growth in india:ban empirical investigation /cby Pranjal Kaushal [and] Siddharth Shastri aJaipurbNarayan Prakashanc2017 aG-15, S.S. Tower, Dhamani Street, Chaura Rasta, Jaipur a116pc21cm.(Hb) aIncludes bibliographical refrence